000 00294nam a22001337a 4500
008 180111b xxu||||| |||| 00| 0 eng d
020 _a0915144867
041 _aeng
080 _a321
100 _a19
101 _aSHP
245 _aSecond Treatise of Government
_cLocke, J
942 _2udc
_cBK
999 _c40066
_d40066